Controlling public spending in Iceland
Salvato in:
| Autore principale: | |
|---|---|
| Natura: | Libro |
| Lingua: | inglese |
| Pubblicazione: |
Paris
OECD
2003
|
| Serie: | Economics department working papers
No. 360 |
| Soggetti: | |
| Tags: |
Nessun Tag, puoi essere il primo ad aggiungerne!!
|
MARC
| LEADER | 00000nam a2200000 4500 | ||
|---|---|---|---|
| 001 | 0024800 | ||
| 005 | 20240223110056.8 | ||
| 041 | 0 | |a eng | |
| 044 | |a FR | ||
| 245 | 1 | 0 | |a Controlling public spending in Iceland |c by Hannes Suppanz |
| 264 | 1 | |a Paris |b OECD |c 2003 | |
| 300 | |a 28 s. | ||
| 490 | 1 | |a Economics department working papers |v No. 360 | |
| 830 | 0 | |a Economics department working papers |v No. 360 | |
| 610 | 2 | 0 | |a výdavky verejné |
| 610 | 2 | 0 | |a Island |
| 610 | 2 | 0 | |a rozpočtovanie |
| 610 | 2 | 0 | |a porovnanie medzinárodné |
| 100 | 1 | |a Suppanz, Hannes | |